[Event "5MCRV_F"]
[Site "?"]
[Date "2005.??.??"]
[Round "?"]
[White "Pytlik, Lesek"]
[Black "Kuta, Jiri"]
[Result "1/2-1/2"]
[WhiteElo "2390"]
[BlackElo "2310"]
[PlyCount "66"]
[EventDate "2005.??.??"]
[EventType "corr"]
[SourceDate "2005.09.30"]

1. e4 c5 2. Nf3 Nc6 3. Bb5 d6 4. O-O Bd7 5. Re1 Nf6 6. c3 a6 7. Bf1 Bg4 8. d3
e6 9. h3 Bh5 10. Nbd2 Be7 11. g4 Bg6 12. Nh4 Nd7 13. Nxg6 hxg6 14. f4 g5 15. f5
Bf6 16. Nf3 Nde5 17. Be3 b5 18. Bg2 Nxf3+ 19. Qxf3 e5 20. Qd1 a5 21. Qb3 Rb8
22. a4 b4 23. Qc4 Qc7 24. Rad1 Rb7 25. Rd2 Rh6 26. Rc2 Kf8 27. Rd1 Kg8 28. Bd2
Rh8 29. Be3 Qe7 30. Qa6 Qd7 31. Kf2 Rb8 32. Ke2 Qc7 33. Qc4 Qe7 1/2-1/2

[Event "5MCRV_F"]
[Site "?"]
[Date "2005.??.??"]
[Round "?"]
[White "Sykora, Josef"]
[Black "Pytlik, Lesek"]
[Result "1/2-1/2"]
[WhiteElo "2397"]
[BlackElo "2390"]
[PlyCount "67"]
[EventDate "2005.??.??"]
[EventType "corr"]
[SourceDate "2005.09.30"]

1. Nf3 d5 2. d4 Nf6 3. c4 e6 4. Nc3 c6 5. Bg5 h6 6. Bxf6 Qxf6 7. e3 Nd7 8. Bd3
dxc4 9. Bxc4 g6 10. O-O Bg7 11. Rc1 O-O 12. Bd3 e5 13. d5 Nb6 14. Ne4 Qe7 15.
dxc6 bxc6 16. Nc5 Nd5 17. Qa4 Rb8 18. b3 Rd8 19. a3 Nb6 20. Qa5 Bg4 21. Nd2 Nd7
22. Nde4 Nxc5 23. Nxc5 e4 24. Bc4 Kh7 25. Kh1 Bh5 26. b4 Rd6 27. Qa6 f5 28. Bb3
Be5 29. Bd1 Bxd1 30. Rcxd1 Rbd8 31. Rxd6 Rxd6 32. h3 Qc7 33. Qa4 h5 34. Kg1
1/2-1/2

[Event "5MCRV_F"]
[Site "?"]
[Date "2005.??.??"]
[Round "?"]
[White "Dedina, Miroslav"]
[Black "Novak, Vratislav"]
[Result "1-0"]
[WhiteElo "2308"]
[BlackElo "2262"]
[PlyCount "97"]
[EventDate "2005.??.??"]
[EventType "corr"]
[SourceDate "2005.09.30"]

1. c4 e6 2. Nc3 d5 3. cxd5 exd5 4. d4 c6 5. Bf4 Bd6 6. Bxd6 Qxd6 7. e3 Ne7 8.
Nge2 Nd7 9. Ng3 Nf6 10. Bd3 O-O 11. O-O Re8 12. Qc2 b6 13. Rac1 Bd7 14. f3 Rac8
15. Rfe1 c5 16. Ba6 Rb8 17. Nb5 Bxb5 18. Bxb5 Rec8 19. Qd3 Ne8 20. Bxe8 Rxe8
21. Qa3 Rec8 22. Red1 Rb7 23. e4 Rd7 24. dxc5 Rxc5 25. Rxc5 Qxc5+ 26. Qxc5 bxc5
27. Rc1 Rc7 28. exd5 Nxd5 29. Ne4 f5 30. Nxc5 Kf7 31. Nd3 Rxc1+ 32. Nxc1 Ke6
33. Nd3 f4 34. g4 g5 35. h4 h6 36. Kf2 Ne3 37. Ke2 Nc4 38. Nc5+ Kd5 39. hxg5
hxg5 40. Ne4 Nxb2 41. Nxg5 Na4 42. Nh3 Ke5 43. Kd3 Nc5+ 44. Kc4 Ne6 45. a4 Kd6
46. Kb4 Nd4 47. Ka5 Nxf3 48. g5 Ne5 49. Nxf4 1-0

[Event "5MCRV_F"]
[Site "?"]
[Date "2005.??.??"]
[Round "?"]
[White "Nejtek, Jiri"]
[Black "Pecka, Josef"]
[Result "1/2-1/2"]
[WhiteElo "2370"]
[BlackElo "2303"]
[PlyCount "72"]
[EventDate "2005.??.??"]
[EventType "corr"]
[SourceDate "2005.09.30"]

1. e4 e6 2. d4 d5 3. e5 c5 4. Nc3 cxd4 5. Nb5 Nc6 6. Nf3 Bc5 7. a3 a6 8. b4 Bb6
9. Nbxd4 Bxd4 10. Nxd4 Nxe5 11. Bb2 Ng6 12. Nxe6 fxe6 13. Bxg7 Qc7 14. Bxh8
Nxh8 15. Rc1 Qg7 16. c4 Ne7 17. g3 Nf7 18. Be2 dxc4 19. Rxc4 b5 20. Rc5 Bb7 21.
O-O Rd8 22. Qc1 Kf8 23. Rc7 Bd5 24. Qc5 Nd6 25. Rd1 Qf6 26. f4 Qb2 27. Qf2 Ndf5
28. g4 Qg7 29. Kf1 Nd6 30. Kg1 Rc8 31. Rxc8+ Nexc8 32. Qd4 Qxd4+ 33. Rxd4 Nc4
34. Rd3 N8d6 35. Kf2 Kg7 36. Bf3 Be4 1/2-1/2

[Event "5MCRV_F"]
[Site "?"]
[Date "2005.??.??"]
[Round "?"]
[White "Skalicky, Frantisek"]
[Black "Valak, Alois"]
[Result "1/2-1/2"]
[WhiteElo "2255"]
[BlackElo "2333"]
[PlyCount "76"]
[EventDate "2005.??.??"]
[EventType "corr"]
[SourceDate "2005.09.30"]

1. e4 e5 2. Nf3 Nc6 3. Bb5 a6 4. Ba4 Nf6 5. O-O Be7 6. Re1 b5 7. Bb3 d6 8. c3
O-O 9. h3 Bb7 10. d4 Re8 11. Nbd2 Bf8 12. Bc2 Nb8 13. a4 Nbd7 14. b3 c6 15. Bd3
g6 16. Qc2 Bg7 17. dxe5 Nxe5 18. Nxe5 Rxe5 19. Bb2 Re8 20. axb5 axb5 21. Rxa8
Bxa8 22. c4 bxc4 23. bxc4 c5 24. Nf3 Bc6 25. Bc3 Bh6 26. Nh2 Bf4 27. Nf1 Nd7
28. Ne3 Be5 29. Nd5 Bxd5 30. exd5 Bxc3 31. Rxe8+ Qxe8 32. Qxc3 Qe5 33. Qc2 Qd4
34. Be2 Ne5 35. g3 Kg7 36. Kg2 g5 37. Kf1 h6 38. Kg2 Kf6 1/2-1/2

[Event "5MCRV_F"]
[Site "?"]
[Date "2005.??.??"]
[Round "?"]
[White "Kuta, Jiri"]
[Black "Brousek, Jiri"]
[Result "1/2-1/2"]
[WhiteElo "2310"]
[BlackElo "2319"]
[PlyCount "120"]
[EventDate "2005.??.??"]
[EventType "corr"]
[SourceDate "2005.09.30"]

1. d4 e6 2. e4 d5 3. Nc3 Nf6 4. Bg5 dxe4 5. Nxe4 Be7 6. Bxf6 gxf6 7. Nf3 b6 8.
Bc4 Bb7 9. Qe2 c6 10. O-O-O Qc7 11. Rhe1 Nd7 12. Nc3 O-O-O 13. d5 cxd5 14. Bxd5
Kb8 15. g3 Bb4 16. Nb5 Ba6 17. Nxc7 Bxe2 18. Rxe2 Kxc7 19. Bc4 Nb8 20. Nd4 Nc6
21. c3 Bc5 22. Red2 f5 23. Nb5+ Kc8 24. b4 Be7 25. Bf1 a5 26. a3 h5 27. f4 h4
28. Bg2 Rxd2 29. Rxd2 Nd8 30. Kc2 Rg8 31. Rd3 hxg3 32. hxg3 Rh8 33. Kb3 Rh2 34.
Rd2 Kb8 35. Nd4 Bf6 36. bxa5 bxa5 37. Kc4 Kc7 38. Nb5+ Kb8 39. Nd6 Be7 40. Rb2+
Kc7 41. Nb5+ Kb6 42. a4 Rh8 43. Nd4+ Ka6 44. Rb8 Rh2 45. Bf3 Ra2 46. Kb3 Rd2
47. Nc6 Nxc6 48. Bxc6 Rd1 49. Bb5+ Ka7 50. Rh8 Kb6 51. Rh7 Rb1+ 52. Kc2 Rg1 53.
Rxf7 Bd6 54. Rf6 Rxg3 55. Rxe6 Kc7 56. Rf6 Rf3 57. Rf7+ Kb6 58. Rxf5 Rxf4 59.
Rg5 Rh4 60. Kd3 Rh3+ 1/2-1/2

[Event "5MCRV_F"]
[Site "?"]
[Date "2005.??.??"]
[Round "?"]
[White "Nejtek, Jiri"]
[Black "Bures, Jilji"]
[Result "1/2-1/2"]
[WhiteElo "2370"]
[BlackElo "2349"]
[PlyCount "52"]
[EventDate "2005.??.??"]
[EventType "corr"]
[SourceDate "2005.09.30"]

1. e4 c5 2. d4 cxd4 3. c3 dxc3 4. Nxc3 Nc6 5. Nf3 d6 6. Bc4 e6 7. O-O Nf6 8.
Qe2 a6 9. Rd1 Qc7 10. Bf4 Be7 11. Rac1 O-O 12. Bb3 Qb8 13. h3 Ne5 14. Nd4 Bd7
15. Bg3 Rc8 16. f4 Nc6 17. Nf3 Na5 18. Bc2 Nc4 19. Bd3 b5 20. e5 dxe5 21. fxe5
Nd5 22. Nxd5 exd5 23. Bf2 Na5 24. Bc2 Be6 25. Nd4 Bg5 26. Nxe6 fxe6 1/2-1/2

[Event "5MCRV_F"]
[Site "?"]
[Date "2005.??.??"]
[Round "?"]
[White "Brousek, Jiri"]
[Black "Bures, Jilji"]
[Result "1/2-1/2"]
[WhiteElo "2319"]
[BlackElo "2349"]
[PlyCount "78"]
[EventDate "2005.??.??"]
[EventType "corr"]
[SourceDate "2005.09.30"]

1. d4 d5 2. Nf3 Nf6 3. e3 c5 4. b3 cxd4 5. exd4 Nc6 6. Bd3 Bg4 7. c3 e6 8. h3
Bh5 9. Bg5 Bd6 10. Nbd2 Qc7 11. O-O h6 12. Be3 g5 13. g4 Bg6 14. Bxg6 fxg6 15.
a4 O-O 16. Re1 Rae8 17. Rc1 Kg7 18. b4 Re7 19. Qe2 e5 20. dxe5 Nxe5 21. Nxe5
Bxe5 22. Qd3 Rfe8 23. Bc5 Bd6 24. Rxe7+ Rxe7 25. Bd4 Be5 26. Re1 Bh2+ 27. Kf1
Rxe1+ 28. Kxe1 Be5 29. Kd1 Bxd4 30. Qxd4 b6 31. Kc2 Qd7 32. Kb3 Qe7 33. a5 bxa5
34. bxa5 a6 35. Kb2 Kf7 36. Nb3 Qe2+ 37. Ka3 Qe7+ 38. Nc5 Qc7 39. Qb4 Nd7
1/2-1/2

[Event "5MCRV_F"]
[Site "?"]
[Date "2005.??.??"]
[Round "?"]
[White "Bures, Jilji"]
[Black "Skalicky, Frantisek"]
[Result "1-0"]
[WhiteElo "2349"]
[BlackElo "2255"]
[PlyCount "84"]
[EventDate "2005.??.??"]
[EventType "corr"]
[SourceDate "2005.09.30"]

1. e4 e5 2. Nf3 Nc6 3. Bb5 a6 4. Ba4 Nf6 5. O-O Be7 6. Re1 b5 7. Bb3 d6 8. c3
O-O 9. h3 Na5 10. Bc2 c5 11. d4 Qc7 12. Nbd2 Nc6 13. d5 Nd8 14. a4 Rb8 15. axb5
axb5 16. b4 Nb7 17. Nf1 Bd7 18. Be3 Ra8 19. Qd2 Rfc8 20. Bd3 c4 21. Bc2 h6 22.
Ng3 Nh7 23. Qe2 Nd8 24. Nh2 Nf6 25. f4 Rxa1 26. Rxa1 exf4 27. Bxf4 Nb7 28. Nf3
Bf8 29. Qf2 Re8 30. Ra6 Be7 31. Qb6 Qxb6+ 32. Rxb6 Rb8 33. Nd4 Bd8 34. Bxd6
Bxb6 35. Bxb8 Ne8 36. e5 Nc7 37. Bxc7 Bxc7 38. d6 Bb6 39. Be4 Nd8 40. Kf1 Kf8
41. Ngf5 f6 42. exf6 gxf6 1-0

[Event "5MCRV_F"]
[Site "?"]
[Date "2005.??.??"]
[Round "?"]
[White "Kostal, Jindrich"]
[Black "Schwarz, Jan"]
[Result "1/2-1/2"]
[WhiteElo "2384"]
[BlackElo "2318"]
[PlyCount "55"]
[EventDate "2005.??.??"]
[EventType "corr"]
[SourceDate "2005.09.30"]

1. e4 Nc6 2. d4 e5 3. dxe5 Nxe5 4. Bf4 Ng6 5. Bg3 Nf6 6. Nd2 d5 7. exd5 Nxd5 8.
Qf3 Be7 9. O-O-O c6 10. Bc4 O-O 11. Ne2 Qb6 12. Bxd5 cxd5 13. Nc3 Bf6 14. Nb3
Ne7 15. Nxd5 Nxd5 16. Rxd5 Be6 17. Rd6 Qb5 18. Nd4 Bxd4 19. Rxd4 Rac8 20. Kb1
Rxc2 21. Kxc2 Bf5+ 22. Kd1 Qxb2 23. Qxf5 Qxd4+ 24. Kc2 Qc4+ 25. Kb1 Qb4+ 26.
Kc1 Qc3+ 27. Kb1 Qb4+ 28. Kc1 1/2-1/2

[Event "5MCRV_F"]
[Site "?"]
[Date "2005.??.??"]
[Round "?"]
[White "Dedina, Miroslav"]
[Black "Pecka, Josef"]
[Result "1/2-1/2"]
[WhiteElo "2308"]
[BlackElo "2303"]
[PlyCount "104"]
[EventDate "2005.??.??"]
[EventType "corr"]
[SourceDate "2005.09.30"]

1. c4 e5 2. Nc3 Nf6 3. Nf3 Nc6 4. g3 Bb4 5. Nd5 Bc5 6. Bg2 O-O 7. d3 h6 8. O-O
d6 9. e3 a6 10. a3 Ba7 11. Nc3 Be6 12. b4 Qd7 13. Bb2 Bh3 14. Rc1 Ne7 15. d4
Bxg2 16. Kxg2 Qe6 17. Nd5 Nfxd5 18. cxd5 Nxd5 19. e4 Nb6 20. Rxc7 d5 21. Nxe5
Bb8 22. Rxb7 Bxe5 23. dxe5 dxe4 24. Rc7 Nc4 25. Qd4 Rfc8 26. Rxc8+ Rxc8 27. Rc1
h5 28. h4 f5 29. exf6 gxf6 30. a4 Kg7 31. Kg1 e3 32. fxe3 Nxb2 33. Rxc8 Qxc8
34. Qxb2 Qe8 35. b5 Qxe3+ 36. Qf2 Qc1+ 37. Kh2 axb5 38. axb5 Qc3 39. Kg2 Qe5
40. b6 Qd5+ 41. Kh2 Qb5 42. Qe3 Kf7 43. Kg2 Qb4 44. Qe2 Qxb6 45. Qxh5+ Kg7 46.
Qg4+ Kh6 47. Qe4 Qa5 48. g4 Qc3 49. h5 Kg7 50. Kf2 Qd2+ 51. Kf3 Qd1+ 52. Kg2
Qd2+ 1/2-1/2

[Event "5MCRV_F"]
[Site "?"]
[Date "2005.??.??"]
[Round "?"]
[White "Valak, Alois"]
[Black "Kuta, Jiri"]
[Result "1/2-1/2"]
[WhiteElo "2333"]
[BlackElo "2310"]
[PlyCount "106"]
[EventDate "2005.??.??"]
[EventType "corr"]
[SourceDate "2005.09.30"]

1. e4 c5 2. Nf3 Nc6 3. Bb5 d6 4. O-O Bd7 5. Re1 a6 6. Bxc6 Bxc6 7. d4 cxd4 8.
Nxd4 e6 9. Nxc6 bxc6 10. Qf3 Ne7 11. Nd2 Ng6 12. Qc3 Qc7 13. b3 f6 14. Qh3 e5
15. Nc4 Rd8 16. Bd2 Qd7 17. Qf3 Be7 18. Ba5 Rb8 19. Rad1 O-O 20. Rd2 Nh8 21. c3
Nf7 22. Bb4 Rfd8 23. Red1 Qe6 24. Qe2 g6 25. Ne3 Qc8 26. f3 Kg7 27. Kh1 Bf8 28.
Nc4 Qe6 29. Ba5 Rd7 30. Nb2 Ra7 31. c4 c5 32. Na4 Kh8 33. Nc3 Ng5 34. Qe3 Qf7
35. f4 Ne6 36. fxe5 fxe5 37. Rf2 Qe8 38. Rdf1 Rbb7 39. Nd5 Bg7 40. Bb6 Ra8 41.
Qe1 Qg8 42. Ba5 Rf8 43. Rxf8 Bxf8 44. Bd2 Rf7 45. a3 Nd4 46. b4 Bg7 47. Qb1 Rb7
48. Qd3 Qe6 49. Be3 Qg4 50. Rf2 Qh4 51. Kg1 Qd8 52. Rf1 Qe8 53. Rf2 Qd8 1/2-1/2

[Event "5MCRV_F"]
[Site "?"]
[Date "2005.??.??"]
[Round "?"]
[White "Brousek, Jiri"]
[Black "Kostal, Jindrich"]
[Result "1-0"]
[WhiteElo "2319"]
[BlackElo "2384"]
[PlyCount "71"]
[EventDate "2005.??.??"]
[EventType "corr"]
[SourceDate "2005.09.30"]

1. d4 Nf6 2. Nf3 d5 3. e3 e6 4. Bd3 c5 5. b3 Bd6 6. O-O O-O 7. Bb2 cxd4 8. exd4
Nc6 9. c4 Nb4 10. Be2 Nc6 11. Nc3 Re8 12. Re1 b6 13. a3 Bb7 14. Bd3 dxc4 15.
bxc4 Rc8 16. d5 exd5 17. Rxe8+ Qxe8 18. Nxd5 Nxd5 19. cxd5 Ne7 20. Ng5 f5 21.
g3 Qg6 22. Ne6 Qf7 23. Qd2 Bxd5 24. Nxg7 f4 25. g4 Ng6 26. Re1 Nh4 27. Be2 Be7
28. Bd1 Ba2 29. Nh5 Bg5 30. Qd4 Ng6 31. Bc2 Rd8 32. Qc3 b5 33. h3 a5 34. Qxa5
Rc8 35. Qxb5 Bf6 36. Nxf6+ 1-0

[Event "5MCRV_F"]
[Site "?"]
[Date "2005.??.??"]
[Round "?"]
[White "Schwarz, Jan"]
[Black "Nejtek, Jiri"]
[Result "0-1"]
[WhiteElo "2318"]
[BlackElo "2370"]
[PlyCount "84"]
[EventDate "2005.??.??"]
[EventType "corr"]
[SourceDate "2005.09.30"]

1. Nf3 d5 2. d4 c6 3. c4 e6 4. Qc2 dxc4 5. Qxc4 Nf6 6. Bg5 b5 7. Qc2 Bb7 8.
Nbd2 Nbd7 9. e4 a6 10. a4 h6 11. Bxf6 Qxf6 12. e5 Qd8 13. Bd3 Be7 14. O-O O-O
15. Bh7+ Kh8 16. Be4 Qb6 17. a5 Qa7 18. Rab1 c5 19. Bxb7 Qxb7 20. dxc5 Nxc5 21.
b4 Na4 22. Qd3 Rac8 23. Ne4 Rfd8 24. Nd6 Bxd6 25. exd6 Rc6 26. Rbc1 Rdxd6 27.
Qe3 f6 28. Nh4 Nb2 29. Qf3 Qc7 30. Qh5 Rd8 31. Rxc6 Qxc6 32. Qe2 Nc4 33. Ng6+
Kh7 34. Nf4 e5 35. Nd3 Rd4 36. Rc1 e4 37. Nc5 Ne5 38. Rb1 Nd3 39. Qe3 Qd5 40.
Nxd3 exd3 41. h3 Qc4 42. Qd2 Qc2 0-1

[Event "5MCRV_F"]
[Site "?"]
[Date "2005.??.??"]
[Round "?"]
[White "Skalicky, Frantisek"]
[Black "Schwarz, Jan"]
[Result "0-1"]
[WhiteElo "2255"]
[BlackElo "2318"]
[PlyCount "94"]
[EventDate "2005.??.??"]
[EventType "corr"]
[SourceDate "2005.09.30"]

1. e4 c5 2. Nf3 Nc6 3. d4 cxd4 4. Nxd4 Nf6 5. Nc3 e5 6. Ndb5 d6 7. Bg5 a6 8.
Na3 b5 9. Bxf6 gxf6 10. Nd5 f5 11. Bd3 Be6 12. Qh5 Rg8 13. O-O f4 14. c4 Rg6
15. Qd1 Bh3 16. g3 Nd4 17. Kh1 bxc4 18. Qa4+ Qd7 19. Qxd7+ Kxd7 20. Nxc4 Bxf1
21. Rxf1 Rb8 22. Ncb6+ Kd8 23. b4 Nc6 24. Rb1 fxg3 25. fxg3 f5 26. exf5 Rg4 27.
Bxa6 Rd4 28. Bc4 Ne7 29. Bb3 Nxd5 30. Nxd5 Rb5 31. Ne3 Rdxb4 32. Kg2 Rd4 33. f6
Rd2+ 34. Kh3 d5 35. Re1 d4 36. Nc4 Rf2 37. Nxe5 Rxf6 38. Re4 Bc5 39. Rf4 Rxf4
40. gxf4 Kc7 41. Kg4 Bd6 42. Nd3 Rb8 43. Ne5 Bxe5 44. fxe5 Rb5 45. Kf4 d3 46.
Ke3 Rxe5+ 47. Kxd3 Rh5 0-1

[Event "5MCRV_F"]
[Site "?"]
[Date "2005.??.??"]
[Round "?"]
[White "Kostal, Jindrich"]
[Black "Sykora, Josef"]
[Result "1/2-1/2"]
[WhiteElo "2384"]
[BlackElo "2397"]
[PlyCount "48"]
[EventDate "2005.??.??"]
[EventType "corr"]
[SourceDate "2005.09.30"]

1. e4 c6 2. d4 d5 3. exd5 cxd5 4. c3 Nc6 5. Nf3 Nf6 6. Bf4 a6 7. Bd3 Bg4 8.
Nbd2 e6 9. O-O Bd6 10. Bxd6 Qxd6 11. Re1 O-O 12. Qe2 Ne7 13. Qe3 Bf5 14. Ne5
Bxd3 15. Nxd3 Nf5 16. Qe2 Qc7 17. a4 Rac8 18. a5 Nd6 19. Qd1 Rfd8 20. Re3 Qc6
21. Nc5 Qb5 22. Qb3 Nd7 23. Qxb5 axb5 24. b4 b6 1/2-1/2

[Event "5MCRV_F"]
[Site "?"]
[Date "2005.??.??"]
[Round "?"]
[White "Kuta, Jiri"]
[Black "Sykora, Josef"]
[Result "1/2-1/2"]
[WhiteElo "2310"]
[BlackElo "2397"]
[PlyCount "89"]
[EventDate "2005.??.??"]
[EventType "corr"]
[SourceDate "2005.09.30"]

1. d4 d5 2. c4 c6 3. Nf3 e6 4. Qc2 Nf6 5. Bg5 Nbd7 6. e3 Qa5+ 7. Nbd2 Ne4 8.
Bf4 Bb4 9. a3 Nxd2 10. Nxd2 dxc4 11. Bxc4 e5 12. dxe5 Nxe5 13. O-O Bxd2 14. b4
Qc7 15. Bb3 O-O 16. Qxd2 Qe7 17. Qd4 Re8 18. Rac1 Ng6 19. Bd6 Qd8 20. Rfd1 Be6
21. Bc2 a5 22. bxa5 Rxa5 23. e4 Qg5 24. Qc3 Raa8 25. g3 Qa5 26. Qxa5 Rxa5 27.
f4 Bg4 28. Rd4 Nf8 29. Rb4 Rxa3 30. Rxb7 Rc3 31. f5 g6 32. h3 Bxh3 33. Kh2 Bg4
34. Bb3 Rxb3 35. Rxb3 gxf5 36. exf5 Bxf5 37. Rxc6 Re2+ 38. Kg1 Ne6 39. Kf1 Rd2
40. Be5 h5 41. Rd6 Bh3+ 42. Ke1 Rh2 43. Rb7 Rh1+ 44. Kd2 Bg4 45. Rdb6 1/2-1/2

[Event "5MCRV_F"]
[Site "?"]
[Date "2005.??.??"]
[Round "?"]
[White "Sykora, Josef"]
[Black "Skalicky, Frantisek"]
[Result "1-0"]
[WhiteElo "2397"]
[BlackElo "2255"]
[PlyCount "73"]
[EventDate "2005.??.??"]
[EventType "corr"]
[SourceDate "2005.09.30"]

1. Nf3 d5 2. d4 Nf6 3. c4 dxc4 4. e3 e6 5. Bxc4 c5 6. O-O a6 7. Bd3 Nc6 8. Nc3
cxd4 9. exd4 Be7 10. Bg5 O-O 11. Rc1 h6 12. Be3 b5 13. Ne4 Bb7 14. Bb1 Nxe4 15.
Bxe4 Rc8 16. Re1 Bf6 17. Ne5 Nxe5 18. Rxc8 Bxc8 19. dxe5 Bxe5 20. Bc5 Re8 21.
Bc6 Bxb2 22. Qb1 Bc3 23. Rd1 Qc7 24. Bxe8 Qxc5 25. Bxb5 Bd4 26. Rc1 Bxf2+ 27.
Kf1 Qf8 28. Kxf2 axb5 29. Qxb5 Qd8 30. Kg1 Qd4+ 31. Kh1 Bd7 32. Qc4 Qd2 33. Qc2
Qf4 34. Rd1 f5 35. Qd2 Qxd2 36. Rxd2 Be8 37. Rd4 1-0

[Event "5MCRV_F"]
[Site "?"]
[Date "2005.??.??"]
[Round "?"]
[White "Pecka, Josef"]
[Black "Hladecek, Miloslav"]
[Result "1/2-1/2"]
[WhiteElo "2303"]
[BlackElo "2281"]
[PlyCount "70"]
[EventDate "2005.??.??"]
[EventType "corr"]
[SourceDate "2005.09.30"]

1. e4 e6 2. d4 d5 3. Nc3 Nf6 4. Bg5 dxe4 5. Nxe4 Be7 6. Bxf6 Bxf6 7. Nf3 Be7 8.
Qd2 O-O 9. Bd3 Nd7 10. O-O-O b6 11. h4 Bb7 12. c3 c5 13. Neg5 h6 14. Bh7+ Kh8
15. Bc2 Qc7 16. Qd3 Nf6 17. Ne5 Bd6 18. Rhe1 c4 19. Qg3 Kg8 20. Qh3 Bd5 21. g4
b5 22. Ngf3 Nd7 23. g5 h5 24. Be4 Bxe4 25. Rxe4 b4 26. g6 f5 27. Re3 Rab8 28.
Nxd7 Qxd7 29. Ne5 Qb5 30. Re2 bxc3 31. Qxc3 Qa4 32. Rc2 Qxa2 33. Qxc4 Qa1+ 34.
Kd2 Qa5+ 35. Kc1 Bxe5 1/2-1/2

[Event "5MCRV_F"]
[Site "?"]
[Date "2005.??.??"]
[Round "?"]
[White "Pecka, Josef"]
[Black "Kuta, Jiri"]
[Result "1-0"]
[WhiteElo "2303"]
[BlackElo "2310"]
[PlyCount "111"]
[EventDate "2005.??.??"]
[EventType "corr"]
[SourceDate "2005.09.30"]

1. e4 c5 2. Nf3 Nc6 3. d4 cxd4 4. Nxd4 Nf6 5. Nc3 e5 6. Ndb5 d6 7. Nd5 Nxd5 8.
exd5 Nb8 9. Qf3 a6 10. Qa3 Be7 11. Bg5 f6 12. Bd2 O-O 13. Bb4 Qd7 14. O-O-O b6
15. f4 Rd8 16. Bd2 Qb7 17. Nc3 Bg4 18. Be2 Bxe2 19. Nxe2 Qxd5 20. fxe5 fxe5 21.
Nc3 Qe6 22. Be3 b5 23. Nd5 Nc6 24. Nc7 Qc4 25. Nxa8 Rxa8 26. Kb1 d5 27. Qd3 d4
28. Bd2 Qd5 29. Qe2 Re8 30. Rhe1 Bc5 31. c3 d3 32. Qe4 Rd8 33. Bg5 Rd7 34.
Qxd5+ Rxd5 35. Re4 Kf7 36. Rf1+ Ke6 37. Kc1 h6 38. Be3 Be7 39. h4 Bf6 40. Kd2
Na5 41. b3 Nb7 42. c4 bxc4 43. Rxc4 Nd6 44. Ra4 e4 45. g3 Bd8 46. Rf8 Ke7 47.
Rf4 Ba5+ 48. Kd1 Rb5 49. g4 Bb4 50. Rxa6 Bc5 51. Rxd6 Kxd6 52. Rxe4 Kd5 53. Re8
Bd6 54. Rd8 Ke6 55. Rc8 Rb4 56. Rc4 1-0

[Event "5MCRV_F"]
[Site "?"]
[Date "2005.??.??"]
[Round "?"]
[White "Nosek, Jaroslav"]
[Black "Brousek, Jiri"]
[Result "1/2-1/2"]
[WhiteElo "2261"]
[BlackElo "2319"]
[PlyCount "86"]
[EventDate "2005.??.??"]
[EventType "corr"]
[SourceDate "2005.09.30"]

1. d4 e6 2. e4 d5 3. Nc3 Nf6 4. Bg5 dxe4 5. Nxe4 Be7 6. Bxf6 gxf6 7. Nf3 b6 8.
Bd3 Bb7 9. Qe2 Nc6 10. c3 Qd7 11. O-O-O O-O-O 12. Ba6 Qd5 13. Kb1 Rhg8 14. Rhg1
Bxa6 15. Qxa6+ Kb8 16. Qe2 b5 17. a3 Na5 18. Ned2 a6 19. h3 Rg6 20. g4 Rgg8 21.
Ne1 h5 22. Nc2 hxg4 23. Ne3 Qg5 24. hxg4 c5 25. Ne4 Qg6 26. f3 Nb7 27. d5 Rh8
28. Ka2 Qh6 29. c4 b4 30. Ng2 a5 31. f4 Qg6 32. Rd3 a4 33. Rgd1 f5 34. gxf5
exf5 35. Nd2 b3+ 36. Kb1 Bf6 37. Nf3 Nd6 38. Nge1 Qh6 39. Qe3 Rc8 40. Rc1 Rhe8
41. Ne5 Ka8 42. Qe2 Bd8 43. Qf2 Bf6 1/2-1/2

[Event "5MCRV_F"]
[Site "?"]
[Date "2005.??.??"]
[Round "?"]
[White "Kostal, Jindrich"]
[Black "Hladecek, Miloslav"]
[Result "1/2-1/2"]
[WhiteElo "2384"]
[BlackElo "2281"]
[PlyCount "45"]
[EventDate "2005.??.??"]
[EventType "corr"]
[SourceDate "2005.09.30"]

1. e4 e6 2. d4 d5 3. Nd2 c5 4. exd5 Qxd5 5. Ngf3 cxd4 6. Bc4 Qh5 7. O-O Nc6 8.
Nb3 Bd7 9. Nfxd4 Qxd1 10. Rxd1 Nxd4 11. Nxd4 Rc8 12. Be2 Bc5 13. Bf4 Ne7 14. c3
Ng6 15. Bg3 e5 16. Nb3 Bb6 17. h4 f5 18. Bh2 f4 19. h5 Ne7 20. Bf3 g5 21. Bxb7
Rc7 22. Bf3 g4 23. Rxd7 1/2-1/2

[Event "5MCRV_F"]
[Site "?"]
[Date "2005.??.??"]
[Round "?"]
[White "Kostal, Jindrich"]
[Black "Dedina, Miroslav"]
[Result "1-0"]
[WhiteElo "2384"]
[BlackElo "2303"]
[PlyCount "75"]
[EventDate "2005.??.??"]
[EventType "corr"]
[SourceDate "2005.09.30"]

1. e4 e5 2. Nf3 Nc6 3. Bb5 a6 4. Ba4 Nf6 5. O-O Nxe4 6. d4 b5 7. Bb3 d5 8. dxe5
Be6 9. c3 Nc5 10. Bc2 Bg4 11. Re1 Be7 12. Nbd2 O-O 13. Nb3 Ne4 14. Bf4 f5 15.
exf6 Nxf6 16. Qd3 Bxf3 17. Qxf3 Qd7 18. Bg3 g6 19. Qe3 Rae8 20. Nc5 Bxc5 21.
Qxc5 Ne4 22. Bxe4 Rxe4 23. Rxe4 dxe4 24. h3 Rf7 25. Re1 Re7 26. a4 Nd8 27. axb5
axb5 28. Bh4 Re8 29. Bxd8 Rxd8 30. Rxe4 Qd1+ 31. Kh2 Qd6+ 32. Qxd6 Rxd6 33. Rd4
Re6 34. Rd8+ Kf7 35. Rd7+ Kg8 36. Kg3 c6 37. Rc7 Rf6 38. f3 1-0

[Event "5MCRV_F"]
[Site "?"]
[Date "2005.??.??"]
[Round "?"]
[White "Schwarz, Jan"]
[Black "Trs, Jan"]
[Result "1/2-1/2"]
[WhiteElo "2318"]
[BlackElo "2252"]
[PlyCount "55"]
[EventDate "2005.??.??"]
[EventType "corr"]
[SourceDate "2005.09.30"]

1. Nf3 d5 2. d4 Nf6 3. c4 c6 4. Nc3 e6 5. e3 Nbd7 6. Bd3 dxc4 7. Bxc4 b5 8. Bd3
a6 9. a4 b4 10. Ne4 c5 11. Nxf6+ Nxf6 12. dxc5 Bxc5 13. Qc2 Bb7 14. e4 Qa5 15.
O-O Bd6 16. Re1 Nd7 17. Be3 O-O 18. e5 Nxe5 19. Bxh7+ Kh8 20. Ng5 Ng4 21. Be4
Rac8 22. Qd1 Bxe4 23. Qxg4 Bf5 24. Qh5+ Kg8 25. Nf3 Qc7 26. Rac1 Bg6 27. Qh4
Qa5 28. b3 1/2-1/2

[Event "5MCRV_F"]
[Site "?"]
[Date "2005.??.??"]
[Round "?"]
[White "Schwarz, Jan"]
[Black "Pytlik, Lesek"]
[Result "1/2-1/2"]
[WhiteElo "2318"]
[BlackElo "2390"]
[PlyCount "77"]
[EventDate "2005.??.??"]
[EventType "corr"]
[SourceDate "2005.09.30"]

1. Nf3 Nf6 2. c4 c5 3. Nc3 Nc6 4. d4 cxd4 5. Nxd4 e6 6. a3 Be7 7. e4 O-O 8. Nf3
b6 9. Be2 Bb7 10. Bf4 d6 11. O-O Ne5 12. Nd2 Ng6 13. Be3 d5 14. exd5 exd5 15.
Bf3 Ne5 16. Bxd5 Nxd5 17. cxd5 Bxd5 18. Bd4 Ng6 19. Nxd5 Qxd5 20. Nf3 Rfd8 21.
Re1 Qf5 22. Qe2 Rd7 23. Be5 Rc8 24. Rac1 Rxc1 25. Rxc1 h6 26. h3 a5 27. Bd4 Nf4
28. Qe3 b5 29. Re1 Ne6 30. Bb6 Bf6 31. Bxa5 Bxb2 32. Ne5 Bd4 33. Qg3 Rd5 34.
Nc6 Bf6 35. Bc3 Kh7 36. Bxf6 Qxf6 37. Qe3 g6 38. Ne5 Kg7 39. Nf3 1/2-1/2

[Event "5MCRV_F"]
[Site "?"]
[Date "2005.??.??"]
[Round "?"]
[White "Splichal, Josef"]
[Black "Hladecek, Miloslav"]
[Result "0-1"]
[WhiteElo "2261"]
[BlackElo "2281"]
[PlyCount "76"]
[EventDate "2005.??.??"]
[EventType "corr"]
[SourceDate "2005.09.30"]

1. e4 e6 2. d4 d5 3. e5 c5 4. Nc3 cxd4 5. Qxd4 Nc6 6. Bb5 Bd7 7. Bxc6 bxc6 8.
Nf3 c5 9. Qg4 Ne7 10. O-O h5 11. Qh3 Qb8 12. a3 g5 13. Nxg5 Qxe5 14. Bd2 Qf5
15. Rfe1 Qxh3 16. Nxh3 Bg7 17. Nf4 O-O-O 18. Rab1 Nf5 19. Nce2 Bb5 20. b3 Bxe2
21. Nxe2 Kd7 22. c4 dxc4 23. bxc4 Kc6 24. Bc3 Bxc3 25. Nxc3 Nd6 26. Nb5 Nc8 27.
Rbc1 Rd3 28. Kf1 a6 29. Nc3 Nd6 30. Red1 Rd4 31. Rxd4 cxd4 32. c5 Nb5 33. Nb1
Rb8 34. Ke2 e5 35. h3 f5 36. g3 e4 37. Rc4 a5 38. Rc1 Nc7 0-1

[Event "5MCRV_F"]
[Site "?"]
[Date "2005.??.??"]
[Round "?"]
[White "Bures, Jilji"]
[Black "Schwarz, Jan"]
[Result "1/2-1/2"]
[WhiteElo "2349"]
[BlackElo "2318"]
[PlyCount "66"]
[EventDate "2005.??.??"]
[EventType "corr"]
[SourceDate "2005.09.30"]

1. e4 c5 2. Nf3 e6 3. d4 cxd4 4. Nxd4 a6 5. Nc3 Qc7 6. Bd3 Nf6 7. O-O Bc5 8.
Nb3 Be7 9. f4 d6 10. Qf3 Nbd7 11. Bd2 b5 12. a3 Bb7 13. Qg3 O-O 14. Rae1 e5 15.
fxe5 dxe5 16. Rf5 Rac8 17. Kh1 Qb6 18. Rg5 Ne8 19. Rh5 Nef6 20. Rh3 Rfe8 21. a4
bxa4 22. Nxa4 Qe6 23. Na5 Ba8 24. b3 Rb8 25. Bc3 Rec8 26. Nc4 Bc6 27. Nab2 Ba8
28. Nd1 a5 29. Bxa5 Nc5 30. Nd2 Nxd3 31. cxd3 Ng4 32. Rf1 Rc1 33. Bc3 Bg5
1/2-1/2